000 00489nam a2200229Ia 4500
003 0100
008 130227s9999 xx 000 0 und d
020 _a9780099493099
040 _cARRUPELIB
050 _aSB63.M22A3 2008
100 _aMaathai, Wangari
245 _aUnbowed
245 _bA memoir
260 _aLondon
260 _bArrow Books
260 _C2008
300 _axvii
300 _b 314p 20cm
650 _bReason
650 _cMetaphysics
942 _2lcc
_01
999 _c5146
_d5146